00468nam a22001697a 450000500170000001000150001702000260003203500140005803700130007208200110008510000200009624500430011626000410015927000420020030000270024250000290026920190103145254.0 aENG-124630 a9789382634867c800.00 aEN-108162 bDBAD/PUB a650.14 aParmar, Manisha aCareer development/cby Manisha Parmar c2018aAllahabadbMeenakshi Prakashan a5, Khusro Bagh RoadbAllahbade211001 c21cm(Hb)a244p. bill. aIt includes bibliography